000 00644nam a2200265Ia 4500
005 20260121161453.0
008 008 260114s9999 xx 000 0 eng d
020 _a9780367810337
037 _aEBOOK
040 _aCRL
040 _beng
040 _cCRL
041 _2eng
041 _aeng
084 _qCRL
100 _aPricing and Costs of Monographs and Serials
_91045328
245 0 _aSul H. Lee
260 _bTaylor and Francis
260 _c1987
650 _aLibrarianship
_91045329
856 _uhttp://www.taylorfrancis.com/books/9780367810337
942 _cEBOOK
999 _c1611072
_d1611072